1864 1847 1506 1283 1395 1874 1904 1869 1433 1506 1215 1800 1840 1914 1631 1021 1880 1905 1183 1091 1502 1361 1161 1637 1268 1970 1299 1614 1278 1505 1637 1403 1395 1902 1495 1156 1959 1402 1747 1714 1181 1499 1453 1619 1641 1641 1650 1794 1350 1624 1689 1842 1297 1767 1282 1057 1164 1944 1669 1348 1686 1587 1031 1381 1076 1227 1785 1412 1313 1124 1660 1058 1739 1440 1564 1718 1777 1586 1686 1190 1972 1526 1488 1838 1116 1397 1144 1600 1457 1291 1829 1270 1314 1414 1823 1762 1022 1551 1226 BCNSPRNW ULIB Ver.6.0+V

เปลี่ยนเป็นภาษาไทย

Change to English
 แสดงรายละเอียดบรรณานุกรม
  กลับหน้าหลัก

Brief Record : Get Marc (ISO 2709) : E-mail record : QR code < ปิดหน้าต่าง
LEADER : 00000nam 2200000uu 4500
001    13399127185
003     ULIB
008    191021s2562||||th 000 0 tha d
020 ^  ^a9786168142363
050  0 ^aนว.^bป534ร
100 0  ^aปัณภัส.
245 1  ^aรัก (กรรณ) วันละนิด /^cปัณภัส.
260 ^  ^aกรุงเทพฯ :^bทัช,^c2562.
300 ^  ^a272 หน้า ;^c21 ซม.
945    ^p230^l0^i27877
999    ^aกัณชพร จุลอักษร
รายการนี้ยังไม่มีแท็ก
คุณยังไม่ได้ล็อกอิน คุณสามารถมีกิจกรรมร่วมกับเว็บไซต์ได้ แต่ต้องล็อกอินก่อน ::
  ล็อกอิน

รายการสื่อสารสนเทศ

ลำดับที่ ประเภท เลขเรียก/บาร์โค้ด สถานที่ สถานะ
1. วิทยาศาสตร์การแพทย์ และสุขภาพ
วิทยาศาสตร์การแพทย์ และสุขภาพ
นว. ป534ร ฉ.1 
  Barcode: 27877
ห้องสมุดวิทยาเขตนครสวรรค์
►นวนิยาย:l:Fiction
บนชั้น

รายการใกล้เคียง
    ผู้แต่ง [ปัณภัส.]

BibComment


ยังไม่เคยถูกคอมเมนท์

คอมเมนท์ทรัพยากรรายการนี้
  คอมเมนท์: รัก กรรณ วันละนิ..


 Copyright 2026. Bcnsprnw @Library